27 técnicas de persuación. (Registro nro. 3289)

Detalles MARC
000 -LEADER
fixed length control field 00910nam a2200205 a 4500
008 - CAMPO DE CONTROL (LIBRO)
fixed length control field 161215e2013 ag |||g |||| 001 e spa d
020 ## - INTERNATIONAL STANDARD BOOK NUMBER
ISBN 9789871941032
041 ## - CODIGO DE IDIOMA
Código de idioma del texto/pista de sonido o título separado spa
092 ## - SIGNATURA TOPOGRAFICA DEWEY LOCAL
número de clasificación 808
libristica 34
sección HIL
100 1# - ENTRADA PRINCIPAL--NOMBRE PERSONAL
Nombre personal Hilaire, Chris St.
9 (RLIN) 4336
245 #3 - TITULO PROPIAMENTE DICHO
Título 27 técnicas de persuación.
Subtítulo y Título paralelo Estrategias para convencer y ganar aliados /
Mención de responsabilidad y remanente de la transcripción de la portada Chris St. Hilaire
250 ## - MENCION DE EDICION
Mención de edición 1a ed.
Mención de responsabilidad relacionada con la ed. Traducción Alfonso Barguño Viana
260 ## - PIE DE IMPRENTA
Lugar de publicación, distribución, etc Buenos Aires:
Nombre de la editorial, distribuidor, etc Conecta;
Fecha de publicación 2013.
300 ## - DESCRIPCION FISICA
Extension 208 p.
Dimensiones 23x15 cm.
500 ## - NOTA GENERAL
Nota general Hilaire, C. S. (2018). 27 técnicas de persuasión. (1a ed.). Buenos Aires : Conecta.
505 ## - NOTA DE CONTENIDO
Nota de contenido formateada Es posible que los demás olviden lo que usted les ha ste libro contiene las mejores herramientas que le permitirán comunicarse de forma mucho más eficaz. Aplíquelas y ganará inmediatamente influencia sobre los demás.
655 ## - MATERIA - GENERO/FORMA
Género/Forma Ensayo
-- 3096
700 1# - ENTRADAS SECUNDARIAS - NOMBRE PERSONAL
Nombre personal Padwa, Lynette.
9 (RLIN) 4337
942 ## - ADDED ENTRY ELEMENTS (KOHA)
Source of classification or shelving scheme Dewey Decimal Classification
Item type LITERATURA
Existencias
Estado de retiro Existencia Fuente de clasificación Estado general No para prestamo Ubicación permanente ubicación actual Sala de ubicación Fecha de adquisición Fuente de adquisición Total Checkouts Número de clasificación Código de barras Date last seen Número de ejemplar Price effective from Koha tipo de elemento (item) Public note Coded location qualifier
    Dewey Decimal Classification     Biblioteca Medicina Biblioteca Medicina Circulación 25/07/2025 Donación Navarro, Adriana. Julio 2025   808 34 HIL 5064 25/07/2025 Ej. 1 25/07/2025 LITERATURA Donación Navarro, Adriana. Julio 2025. Sede Tordos.  

UNIVERSIDAD NACIONAL DEL COMAHUE
Biblioteca de la Facultad de Ciencias Médicas
Sede Toschi: Los Arrayanes y Av. Toschi, Cipolletti  - Rio Negro
Sede Los Tordos:  Yrigoyen al 2211, Cipolletti - Rio Negro 

Teléfono: 0299 - 4774707 int 25
Contacto: biblioteca@facimed.uncoma.edu.ar
© 2011 - 2026